00688nam a22002057a 4500999001500000001000500015003000900020005001700029008004100046040002800087082002200115100002000137245005400157260003700211300004400248500002000292650004000312942001200352952011800364 c7814d78141495BD-DhUAP20210201161719.0210201s1953 nyua 001 0 eng  aDLCcDLCdBD-DhUAPbEng00223 a624.171 WAN 1 aWang, Chu-Kia. 10aStatically Intermediate structures /cC. K. Wang. aNew York :bMcGraw-Hill,cc1953. ax, 424 pages :billustrations ;c24 cm. aIncludes index. 0aStructural analysis (Engineering).  2ddccBK 00102ddc4070aUAPCLbUAPCLcReserve Stacksd2021-02-01o624.171 WANp3010001495r2021-02-01t1w2021-02-01yBK